Songs "Weird Al" Yankovic Has Parodied - Sudden Death - Statistics

General Stats
  • This quiz has been taken 63 times
  • The average score is 9 of 20
Answers on the Grid
Answers color-coded by a green-red scale on the quiz's grid according to % correct below.
Addicted to Love
All Star
American Idiot
Another Brick In the Wall, Part 2
Another One Bites the Dust
Bad
Bad Romance
Beat It
Blurred Lines
Boulevard of Broken Dreams
Californication
Can't Stop
Come as You Are
Creep
Gangsta's Paradise
Happy
I Want It That Way
Ice Ice Baby
King of Pain
Livin' on a Prayer
Lola
Lose Yourself
My Old School
My Sharona
Old Town Road
Party In the U.S.A.
Pretty Fly (For A White Guy)
Rico Suave
Ridin'
Seven Nation Army
Shake It Off
Smells Like Teen Spirit
Smooth Criminal
Stand
Sultans of Swing
Thriller
Vogue
What's My Age Again?
Yellow
You Belong With Me
 
Answer Stats
Answer % Correct
Eat It Beat It
84%
Amish Paradise Gangsta's Paradise
76%
Fat Bad
73%
Another One Rides the Bus Another One Bites the Dust
70%
Smells Like Nirvana Smells Like Teen Spirit
65%
Canadian Idiot American Idiot
57%
My Bologna My Sharona
57%
eBay I Want It That Way
51%
Tacky Happy
49%
Word Crimes Blurred Lines
46%
Party In the C.I.A. Party In the U.S.A.
46%
Pretty Fly For A Rabbi Pretty Fly (For A White Guy)
46%
Couch Potato Lose Yourself
35%
White & Nerdy Ridin'
35%
Addicted to Spuds Addicted to Love
32%
Yoda Lola
24%
Taco Grande Rico Suave
22%
TMZ You Belong With Me
19%
King of Suede King of Pain
16%
Spam Stand
16%
No matching quizzes found
Score Distribution
Percent of People with Each Score
Percentile by Number Answered
Your Score History
You have not taken this quiz